Statistics for Sub-districts (Upazilas) of Bangladesh with a Map

Click here to take the quiz!

General Stats

  • This quiz has been taken 17 times
  • The average score is 83 of 484

Answers on the Map

Answers color-coded by a green-red scale on the quiz's map according to % correct below.
 

Answer Stats

DivisionDistrictSubdistrict% Correct
RajshahiRajshahiBaghmara
55%
DhakaDhakaNawabganj
55%
RangpurDinajpurNawabganj
55%
RajshahiRajshahiMohanpur
45%
RajshahiRajshahiPaba
45%
RajshahiBograBogra Sadar
36%
ChittagongCox's BazarCox's Bazar Sadar
36%
DhakaDhakaDohar
36%
RangpurGaibandhaGaibandha Sadar
36%
MymensinghJamalpurJamalpur Sadar
36%
RajshahiJoypurhatJoypurhat Sadar
36%
DhakaDhakaKeraniganj
36%
KhulnaKushtiaKushtia Sadar
36%
MymensinghMymensinghMymensingh Sadar
36%
ChittagongRangamatiRangamati Sadar
36%
RangpurRangpurRangpur Sadar
36%
DhakaDhakaSavar
36%
ChittagongBrahamanbariaAkhaura
27%
ChittagongBandarbanAlikadam
27%
BarisalBargunaAmtali
27%
DhakaNarayanganjAraihazar
27%
KhulnaBagerhatBagerhat Sadar
27%
RajshahiRajshahiBagha
27%
ChittagongRangamatiBaghai Chhari
27%
DhakaRajbariBalia Kandi
27%
DhakaNarayanganjBandar
27%
ChittagongBandarbanBandarban Sadar
27%
BarisalBargunaBarguna Sadar
27%
BarisalBarisalBarisal Sadar (Kotwali)
27%
KhulnaKhulnaBatiaghata
27%
DhakaNarsingdiBelabo
27%
ChittagongRangamatiBelai Chhari
27%
DhakaKishoreganjBhairab
27%
MymensinghMymensinghBhaluka
27%
DhakaFaridpurBhanga
27%
KhulnaKushtiaBheramara
27%
BarisalBholaBhola Sadar
27%
DhakaTangailBhuapur
27%
DhakaFaridpurBoalmari
27%
RangpurPanchagarhBoda
27%
ChittagongBrahamanbariaBrahmanbaria Sadar
27%
ChittagongComillaChandina
27%
ChittagongChandpurChandpur Sadar
27%
ChittagongFeniChhagalnaiya
27%
KhulnaChuadangaChuadanga Sadar
27%
KhulnaChuadangaDamurhuda
27%
BarisalBholaDaulatkhan
27%
DhakaManikganjDaulatpur
27%
KhulnaKushtiaDaulatpur
27%
DhakaDhakaDhamrai
27%
MymensinghMymensinghDhobaura
27%
RangpurDinajpurDinajpur Sadar
27%
RajshahiRajshahiDurgapur
27%
MymensinghNetrakonaDurgapur
27%
RajshahiPabnaFaridpur
27%
DhakaFaridpurFaridpur Sadar
27%
ChittagongFeniFeni Sadar
27%
MymensinghMymensinghGaffargaon
27%
KhulnaMeherpurGangni
27%
DhakaGazipurGazipur Sadar
27%
DhakaRajbariGoalandaghat
27%
RajshahiRajshahiGodagari
27%
DhakaGopalganjGopalganj Sadar
27%
SylhetHabiganjHabiganj Sadar
27%
MymensinghMymensinghHaluaghat
27%
ChittagongChittagongHathazari
27%
ChittagongComillaHomna
27%
RajshahiPabnaIshwardi
27%
MymensinghMymensinghIshwarganj
27%
BarisalJhalokatiJhalokati Sadar
27%
KhulnaJhenaidahJhenaidah Sadar
27%
RajshahiJoypurhatKalai
27%
KhulnaNarailKalia
27%
DhakaGazipurKaliakair
27%
KhulnaSatkhiraKaliganj
27%
RangpurLalmonirhatKaliganj
27%
KhulnaJhenaidahKaliganj
27%
DhakaGazipurKaliganj
27%
DhakaRajbariKalukhali
27%
DhakaGazipurKapasia
27%
ChittagongRangamatiKaptai
27%
DhakaKishoreganjKatiadi
27%
ChittagongKhagrachhariKhagrachhari Sadar
27%
KhulnaKushtiaKhoksa
27%
RangpurNilphamariKishoreganj
27%
DhakaKishoreganjKishoreganj Sadar
27%
DhakaGopalganjKotali Para
27%
KhulnaKushtiaKumarkhali
27%
RangpurKurigramKurigram Sadar
27%
ChittagongLakshmipurLakshmipur Sadar
27%
RangpurLalmonirhatLalmonirhat Sadar
27%
DhakaMadaripurMadaripur Sadar
27%
DhakaTangailMadhupur
27%
KhulnaMaguraMagura Sadar
27%
SylhetMaulvibazarMaulvi Bazar Sadar
27%
KhulnaMeherpurMeherpur Sadar
27%
KhulnaKushtiaMirpur
27%
ChittagongChittagongMirsharai
27%
DhakaTangailMirzapur
27%
KhulnaMeherpurMujib Nagar
27%
MymensinghMymensinghMuktagachha
27%
MymensinghMymensinghNandail
27%
RajshahiNaogaonNaogaon Sadar
27%
KhulnaNarailNarail Sadar
27%
DhakaNarayanganjNarayanganj Sadar
27%
DhakaShariatpurNaria
27%
DhakaNarsingdiNarsingdi Sadar
27%
RajshahiNatoreNatore Sadar
27%
RajshahiNawabganjNawabganj Sadar
27%
MymensinghNetrakonaNetrokona Sadar
27%
RangpurNilphamariNilphamari Sadar
27%
ChittagongNoakhaliNoakhali Sadar (Sudharam)
27%
RajshahiPabnaPabna Sadar
27%
RangpurPanchagarhPanchagarh Sadar
27%
DhakaRajbariPangsha
27%
ChittagongFeniParshuram
27%
BarisalPatuakhaliPatuakhali Sadar
27%
MymensinghMymensinghPhulpur
27%
BarisalPirojpurPirojpur Sadar
27%
DhakaRajbariRajbari Sadar
27%
DhakaMadaripurRajoir
27%
ChittagongKhagrachhariRamgarh
27%
ChittagongChittagongRaozan
27%
DhakaFaridpurSadarpur
27%
ChittagongChittagongSandwip
27%
KhulnaJhenaidahShailkupa
27%
DhakaShariatpurShariatpur Sadar
27%
RajshahiBograSherpur
27%
MymensinghSherpurSherpur Sadar
27%
DhakaManikganjShibalaya
27%
DhakaMadaripurShib Char
27%
DhakaManikganjSingair
27%
RajshahiSirajganjSirajganj Sadar
27%
ChittagongChittagongSitakunda
27%
DhakaNarayanganjSonargaon
27%
SylhetMaulvibazarSreemangal
27%
DhakaMunshiganjSreenagar
27%
DhakaGazipurSreepur
27%
KhulnaMaguraSreepur
27%
SylhetSunamganjSunamganj Sadar
27%
SylhetSylhetSylhet Sadar
27%
DhakaTangailTangail Sadar
27%
ChittagongCox's BazarTeknaf
27%
RangpurThakurgaonThakurgaon Sadar
27%
ChittagongBandarbanThanchi
27%
ChittagongComillaTitas
27%
DhakaMunshiganjTongibari
27%
MymensinghMymensinghTrishal
27%
DhakaGopalganjTungi Para
27%
ChittagongCox's BazarUkhia
27%
KhulnaJessoreAbhaynagar
18%
BarisalBarisalAgailjhara
18%
SylhetHabiganjAjmiriganj
18%
KhulnaChuadangaAlamdanga
18%
ChittagongBrahamanbariaAshuganj
18%
KhulnaSatkhiraAssasuni
18%
RangpurRangpurBadarganj
18%
KhulnaJessoreBagher Para
18%
DhakaKishoreganjBajitpur
18%
BarisalBarisalBakerganj
18%
SylhetHabiganjBaniachong
18%
ChittagongRangamatiBarkal
18%
DhakaTangailBasail
18%
BarisalPatuakhaliBauphal
18%
BarisalBargunaBetagi
18%
BarisalPirojpurBhandaria
18%
RajshahiPabnaBhangura
18%
BarisalBholaBurhanuddin
18%
ChittagongChittagongChandanaish
18%
DhakaFaridpurChar Bhadrasan
18%
BarisalBholaChar Fasson
18%
RajshahiPabnaChatmohar
18%
ChittagongComillaChauddagram
18%
SylhetSunamganjChhatak
18%
KhulnaBagerhatChitalmari
18%
KhulnaKhulnaDacope
18%
ChittagongFeniDaganbhuiyan
18%
BarisalPatuakhaliDashmina
18%
ChittagongComillaDaudkandi
18%
DhakaTangailDhanbari
18%
RajshahiBograDhupchanchia
18%
KhulnaKhulnaDumuria
18%
KhulnaBagerhatFakirhat
18%
ChittagongChandpurFaridganj
18%
ChittagongChittagongFatikchhari
18%
RangpurDinajpurFulbari
18%
ChittagongFeniFulgazi
18%
RajshahiBograGabtali
18%
BarisalPatuakhaliGalachipa
18%
BarisalBarisalGaurnadi
18%
DhakaTangailGhatail
18%
RangpurGaibandhaGobindaganj
18%
DhakaTangailGopalpur
18%
ChittagongChandpurHajiganj
18%
KhulnaJhenaidahHarinakunda
18%
ChittagongNoakhaliHatiya
18%
DhakaKishoreganjHossainpur
18%
DhakaKishoreganjItna
18%
MymensinghSherpurJhenaigati
18%
KhulnaChuadangaJiban Nagar
18%
ChittagongRangamatiJurai Chhari
18%
KhulnaBagerhatKachua
18%
ChittagongChandpurKachua
18%
DhakaKishoreganjKarimganj
18%
MymensinghNetrakonaKendua
18%
KhulnaJhenaidahKotchandpur
18%
KhulnaKhulnaKoyra
18%
ChittagongComillaLaksam
18%
BarisalBholaLalmohan
18%
ChittagongRangamatiLangadu
18%
ChittagongChittagongLohagara
18%
KhulnaNarailLohagara
18%
MymensinghNetrakonaMadan
18%
DhakaFaridpurMadhukhali
18%
KhulnaJhenaidahMaheshpur
18%
ChittagongKhagrachhariManikchhari
18%
DhakaManikganjManikganj Sadar
18%
DhakaNarsingdiManohardi
18%
BarisalPirojpurMathbaria
18%
ChittagongComillaMeghna
18%
BarisalBarisalMehendiganj
18%
DhakaKishoreganjMithamain
18%
MymensinghNetrakonaMohanganj
18%
DhakaGopalganjMuksudpur
18%
DhakaMunshiganjMunshiganj Sadar
18%
SylhetHabiganjNabiganj
18%
ChittagongBrahamanbariaNabinagar
18%
DhakaFaridpurNagarkanda
18%
DhakaTangailNagarpur
18%
MymensinghSherpurNalitabari
18%
ChittagongComillaNangalkot
18%
DhakaKishoreganjNikli
18%
KhulnaKhulnaPaikgachha
18%
DhakaKishoreganjPakundia
18%
DhakaNarsingdiPalash
18%
RangpurGaibandhaPalashbari
18%
ChittagongChittagongPatiya
18%
RangpurKurigramPhulbari
18%
MymensinghNetrakonaPurbadhala
18%
ChittagongLakshmipurRamgati
18%
ChittagongBandarbanRowangchhari
18%
ChittagongBandarbanRuma
18%
RangpurNilphamariSaidpur
18%
DhakaTangailSakhipur
18%
DhakaFaridpurSaltha
18%
RajshahiPabnaSanthia
18%
ChittagongChittagongSatkania
18%
KhulnaSatkhiraSatkhira Sadar
18%
DhakaManikganjSaturia
18%
ChittagongChandpurShahrasti
18%
KhulnaJessoreSharsha
18%
KhulnaSatkhiraShyamnagar
18%
ChittagongFeniSonagazi
18%
ChittagongNoakhaliSonaimuri
18%
RajshahiPabnaSujanagar
18%
SylhetSunamganjTahirpur
18%
DhakaKishoreganjTarail
18%
BarisalBholaTazumuddin
18%
KhulnaKhulnaTerokhada
18%
RajshahiBograAdamdighi
9%
RangpurLalmonirhatAditmari
9%
RajshahiJoypurhatAkkelpur
9%
DhakaFaridpurAlfadanga
9%
ChittagongChittagongAnowara
9%
RajshahiPabnaAtgharia
9%
MymensinghNetrakonaAtpara
9%
RajshahiNaogaonAtrai
9%
RangpurPanchagarhAtwari
9%
DhakaKishoreganjAustagram
9%
BarisalBarisalBabuganj
9%
RajshahiNaogaonBadalgachhi
9%
RajshahiNatoreBagati Para
9%
SylhetHabiganjBahubal
9%
MymensinghJamalpurBakshiganj
9%
SylhetSylhetBalaganj
9%
RangpurThakurgaonBaliadangi
9%
BarisalBargunaBamna
9%
BarisalBarisalBanari Para
9%
ChittagongBrahamanbariaBanchharampur
9%
ChittagongChittagongBanshkhali
9%
RajshahiNatoreBaraigram
9%
MymensinghNetrakonaBarhatta
9%
SylhetMaulvibazarBarlekha
9%
ChittagongComillaBarura
9%
SylhetSylhetBeani Bazar
9%
ChittagongNoakhaliBegumganj
9%
RajshahiSirajganjBelkuchi
9%
RajshahiPabnaBera
9%
DhakaShariatpurBhedarganj
9%
RajshahiNawabganjBholahat
9%
RangpurKurigramBhurungamari
9%
ChittagongBrahamanbariaBijoynagar
9%
RangpurDinajpurBiral
9%
RangpurDinajpurBirampur
9%
RangpurDinajpurBirganj
9%
SylhetSunamganjBishwambarpur
9%
SylhetSylhetBishwanath
9%
ChittagongChittagongBoalkhali
9%
RangpurDinajpurBochaganj
9%
ChittagongComillaBrahman Para
9%
ChittagongComillaBurichang
9%
ChittagongCox's BazarChakaria
9%
RajshahiRajshahiCharghat
9%
RangpurKurigramChar Rajibpur
9%
ChittagongNoakhaliChatkhil
9%
KhulnaJessoreChaugachha
9%
RajshahiSirajganjChauhali
9%
RangpurKurigramChilmari
9%
RangpurDinajpurChirirbandar
9%
SylhetHabiganjChunarughat
9%
ChittagongComillaComilla Adarsha Sadar
9%
ChittagongComillaComilla Sadar Dakshin
9%
SylhetSylhetCompaniganj
9%
ChittagongNoakhaliCompaniganj
9%
SylhetSunamganjDakshin Sunamganj
9%
SylhetSylhetDakshin Surma
9%
DhakaShariatpurDamudya
9%
KhulnaSatkhiraDebhata
9%
ChittagongComillaDebidwar
9%
RangpurPanchagarhDebiganj
9%
DhakaTangailDelduar
9%
SylhetSunamganjDerai
9%
MymensinghJamalpurDewanganj
9%
RajshahiNaogaonDhamoirhat
9%
SylhetSunamganjDharampasha
9%
RajshahiBograDhunat
9%
KhulnaKhulnaDighalia
9%
ChittagongKhagrachhariDighinala
9%
RangpurNilphamariDimla
9%
RangpurNilphamariDomar
9%
SylhetSunamganjDowarabazar
9%
BarisalPatuakhaliDumki
9%
SylhetSylhetFenchuganj
9%
MymensinghMymensinghFulbaria
9%
RangpurGaibandhaFulchhari
9%
RangpurRangpurGangachara
9%
MymensinghMymensinghGauripur
9%
DhakaMunshiganjGazaria
9%
DhakaManikganjGhior
9%
RangpurDinajpurGhoraghat
9%
SylhetSylhetGolabganj
9%
RajshahiNawabganjGomastapur
9%
DhakaShariatpurGosairhat
9%
SylhetSylhetGowainghat
9%
RajshahiNatoreGurudaspur
9%
ChittagongChandpurHaim Char
9%
RangpurDinajpurHakimpur
9%
ChittagongChittagongHalishahar
9%
RangpurThakurgaonHaripur
9%
DhakaManikganjHarirampur
9%
RangpurLalmonirhatHatibandha
9%
BarisalBarisalHizla
9%
MymensinghJamalpurIslampur
9%
SylhetSunamganjJagannathpur
9%
SylhetSylhetJaintiapur
9%
RangpurNilphamariJaldhaka
9%
SylhetSunamganjJamalganj
9%
KhulnaJessoreJhikargachha
9%
SylhetMaulvibazarJuri
9%
ChittagongNoakhaliKabirhat
9%
RajshahiBograKahaloo
9%
RangpurDinajpurKaharole
9%
BarisalPatuakhaliKala Para
9%
KhulnaSatkhiraKalaroa
9%
DhakaTangailKalihati
9%
DhakaMadaripurKalkini
9%
MymensinghNetrakonaKalmakanda
9%
SylhetMaulvibazarKamalganj
9%
ChittagongLakshmipurKamalnagar
9%
RajshahiSirajganjKamarkhanda
9%
SylhetSylhetKanaighat
9%
BarisalJhalokatiKanthalia
9%
ChittagongBrahamanbariaKasba
9%
DhakaGopalganjKashiani
9%
RangpurRangpurKaunia
9%
BarisalPirojpurKawkhali
9%
ChittagongRangamatiKawkhali (Betbunia)
9%
RajshahiSirajganjKazipur
9%
KhulnaJessoreKeshabpur
9%
MymensinghNetrakonaKhaliajuri
9%
RangpurDinajpurKhansama
9%
RajshahiJoypurhatKhetlal
9%
KhulnaJessoreKotwali
9%
SylhetMaulvibazarKulaura
9%
DhakaKishoreganjKuliar Char
9%
ChittagongCox's BazarKutubdia
9%
SylhetHabiganjLakhai
9%
ChittagongKhagrachhariLakshmichhari
9%
RajshahiNatoreLalpur
9%
ChittagongBandarbanLama
9%
DhakaMunshiganjLohajang
9%
MymensinghJamalpurMadarganj
9%
SylhetHabiganjMadhabpur
9%
RajshahiNaogaonMahadebpur
9%
ChittagongKhagrachhariMahalchhari
9%
ChittagongCox's BazarMaheshkhali
9%
RajshahiNaogaonManda
9%
KhulnaJessoreManirampur
9%
ChittagongComillaManoharganj
9%
BarisalBholaManpura
9%
ChittagongKhagrachhariMatiranga
9%
ChittagongChandpurMatlab Dakshin
9%
ChittagongChandpurMatlab Uttar
9%
MymensinghJamalpurMelandaha
9%
BarisalPatuakhaliMirzaganj
9%
RangpurRangpurMitha Pukur
9%
KhulnaMaguraMohammadpur
9%
KhulnaBagerhatMollahat
9%
KhulnaBagerhatMongla
9%
KhulnaBagerhatMorrelganj
9%
BarisalBarisalMuladi
9%
ChittagongComillaMuradnagar
9%
RajshahiNawabganjNachole
9%
RangpurKurigramNageshwari
9%
ChittagongBandarbanNaikhongchhari
9%
MymensinghSherpurNakla
9%
BarisalJhalokatiNalchity
9%
RajshahiBograNandigram
9%
ChittagongRangamatiNaniarchar
9%
ChittagongBrahamanbariaNasirnagar
9%
BarisalPirojpurNazirpur
9%
BarisalPirojpurNesarabad (Swarupkati)
9%
RajshahiNaogaonNiamatpur
9%
RajshahiJoypurhatPanchbibi
9%
ChittagongKhagrachhariPanchhari
9%
RangpurDinajpurParbatipur
9%
RangpurLalmonirhatPatgram
9%
BarisalBargunaPatharghata
9%
RajshahiNaogaonPatnitala
9%
ChittagongCox's BazarPekua
9%
KhulnaKhulnaPhultala
9%
RangpurRangpurPirgachha
9%
RangpurThakurgaonPirganj
9%
RangpurRangpurPirganj
9%
RajshahiNaogaonPorsha
9%
RajshahiRajshahiPuthia
9%
BarisalJhalokatiRajapur
9%
RangpurKurigramRajarhat
9%
ChittagongRangamatiRajasthali
9%
SylhetMaulvibazarRajnagar
9%
ChittagongLakshmipurRamganj
9%
KhulnaBagerhatRampal
9%
ChittagongCox's BazarRamu
9%
ChittagongChittagongRangunia
9%
RajshahiNaogaonRaninagar
9%
RangpurThakurgaonRanisankail
9%
RangpurKurigramRaumari
9%
RajshahiSirajganjRoyganj
9%
ChittagongLakshmipurRoypur
9%
DhakaNarsingdiRoypura
9%
DhakaNarayanganjRupganj
9%
KhulnaKhulnaRupsa
9%
RangpurGaibandhaSadullapur
9%
RangpurGaibandhaSaghatta
9%
RajshahiNaogaonSapahar
9%
ChittagongBrahamanbariaSarail
9%
KhulnaBagerhatSarankhola
9%
RajshahiBograSariakandi
9%
MymensinghJamalpurSarishabari
9%
ChittagongNoakhaliSenbagh
9%
DhakaMunshiganjSerajdikhan
9%
RajshahiSirajganjShahjadpur
9%
RajshahiBograShajahanpur
9%
KhulnaMaguraShalikha
9%
RajshahiBograShibganj
9%
RajshahiNawabganjShibganj
9%
DhakaNarsingdiShibpur
9%
RajshahiNatoreSingra
9%
RajshahiBograSonatola
9%
MymensinghSherpurSreebardi
9%
ChittagongNoakhaliSubarnachar
9%
SylhetSunamganjSulla
9%
RangpurGaibandhaSundarganj
9%
KhulnaSatkhiraTala
9%
RajshahiRajshahiTanore
9%
RangpurRangpurTaraganj
9%
RajshahiSirajganjTarash
9%
RangpurPanchagarhTentulia
9%
RangpurKurigramUlipur
9%
RajshahiSirajganjUllah Para
9%
BarisalBarisalWazirpur
9%
SylhetSylhetZakiganj
9%
DhakaShariatpurZanjira
9%
BarisalPirojpurZianagar
9%

Score Distribution

Percentile by Number Answered

Percent of People with Each Score

Your Score History

You have not taken this quiz